Sociología para educadores : fundamentos para el análisis de hechos socio educativos /

Contextualizado en Chile y en la realidad latinoamericana, contiene cuatro unidades que dan cuenta de los fenómenos sociales más significativos relacionados con el proceso de enseñanza aprendizaje que se desarrolla en el centro escolar. Las tres primeras tratan temáticas que constituyen unidades pri...

Full description

Bibliographic Details
Main Author: Servat Poblete, Berta 1944-
Format: Libro
Language:Spanish
Published: Santiago, Chile Ediciones Universidad Católica de Chile 2007
Subjects:
Online Access:

MARC

LEADER 00000cam a2200000 a 4500
001 006230
003 UAHC_CL
005 20170803120225.0
008 121214s2007 cl 000 spa
020 |a 9789561409880 
040 |a UAHC_CL  |c UAHC_CL  |d UAHC_CL 
082 0 4 |a 306.43  |b S491  |2 21 
100 1 |a Servat Poblete, Berta  |d 1944- 
245 1 0 |a Sociología para educadores :  |b fundamentos para el análisis de hechos socio educativos /  |c Berta Servat Poblete. 
260 |b Ediciones Universidad Católica de Chile  |a Santiago, Chile  |c 2007 
300 |a 138 p. 
520 |a Contextualizado en Chile y en la realidad latinoamericana, contiene cuatro unidades que dan cuenta de los fenómenos sociales más significativos relacionados con el proceso de enseñanza aprendizaje que se desarrolla en el centro escolar. Las tres primeras tratan temáticas que constituyen unidades principales de la sociología, focalizadas en el ámbito educativo como grupo social, cultura y subculturas y socialización. En la cuarta se presenta un análisis sobre la vinculación entre educación y desarrollo de la sociedad, incorporándose en su tratamiento los temas de calidad y equidad educativa. 
650 4 |a SOCIOLOGIA DE LA EDUCACION 
650 4 |a ANTROPOLOGIA DE LA EDUCACION 
900 |a 306.43 SER 
942 |c BK 
952 |0 0  |1 0  |4 0  |6 306_430000000000000_SER  |7 0  |8 General  |9 13650  |a BC  |b BC  |c General  |d 2017-08-03  |l 0  |o 306.43 SER  |p 1406208  |r 2026-01-13 00:00:00  |t 1  |w 2017-08-03  |y BK 
952 |0 0  |1 0  |4 0  |6 306_430000000000000_SER  |7 0  |8 General  |9 13651  |a BC  |b BC  |c General  |d 2017-08-03  |l 0  |o 306.43 SER  |p 1406209  |r 2026-01-13 00:00:00  |t 2  |w 2017-08-03  |y BK 
999 |c 6230  |d 6230